00219nam a2200085Ia 4500008004100000100001600041245005900057260000800116260000900124170617s9999 xx 000 0 und d aSethi - P.D 0aHPCL Quantative Analysis of Pharmaceutical Faemalution bCBS c2008